00358nam a2200133Ia 4500008004100000041000800041082001400049100002000063245004500083250001400128260004400142300003100186365000700217240624s9999 xx 000 0 und d aeng a658.5 KRA aKRAJEWSKI LEE J aOPERATIONS MANAGEMENT STRATEGY AND ANALY a(6th ed.) c2003aNew DelhibPrentice-Hall of India axxv, : 883 : p. : cm. ; 24 cRS